| 000 | 01116nam a2200229 u 4500 | ||
|---|---|---|---|
| 001 | 000669888 | ||
| 003 | AM-YeHGA | ||
| 005 | 20250617141925.0 | ||
| 008 | 090625s1973 ai | |||||||||||||rus|d | ||
| 040 | _aAM-YeHGA | ||
| 041 | 0 | _arus | |
| 245 | 0 | 0 |
_aЭксплуатация и ремонт сельскохозяйственной техники / _cАзово-Черномор. ин-т механиз. с.-х.; Ред. кол. А.И. Елецкий, М.Ф. Козликов и др. |
| 260 |
_aРостов : _bИзд-во Рост. ун-та, _c1973. |
||
| 300 |
_aВып. ; _c20 см. |
||
| 505 | 1 | 0 |
_gВып. 2 (1973, 230 с., табл., рис.) _gВып. 3 (1976, 164 с.табл., рис.) |
| 650 | 1 | 4 | _aСельскохозяйственные машины и орудия |
| 650 | 1 | 4 | _aМеханизация сельского хозяйства |
| 700 | 1 |
_aЕлецкий, А.И. _eред. _4edt |
|
| 700 | 1 |
_aКозликов, М.Ф. _eред. _4edt |
|
| 710 | 2 | _aАзово-Черноморский институт механизации сельского хозяйства | |
| 090 | _c249481 | ||
| 999 |
_c247890 _d247890 |
||